[Event "Titled Tuesday intern op 16th Apr Early"]
[Site "Chess.com INT"]
[Date "2024.04.16"]
[Round "2"]
[White "Hajiyev, Kanan"]
[Black "Le, Quang Liem"]
[Result "0-1"]
[WhiteElo "2099"]
[BlackElo "2731"]
[PlyCount "82"]
[EventDate "2024.04.16"]
[EventType "swiss (blitz)"]
[EventRounds "11"]
[EventCountry "USA"]
[SourceTitle "CB17_2024"]
[SourceDate "2024.04.24"]
[SourceVersion "1"]
[SourceVersionDate "2024.04.24"]
[SourceQuality "1"]

1. d4 Nf6 2. Nf3 g6 3. g3 Bg7 4. Bg2 d5 5. 0-0 0-0 6. b3 a5 7. a4 Na6 8. Qd2 c5 9. Bb2 Ne4 10. Qe3 Bg4 11. Nbd2 Nb4 12. Rfc1 Nxd2 13. Qxd2 Rc8 14. c3 Na6 15. Ba3 Qb6 16. dxc5 Nxc5 17. Bxc5 Rxc5 18. Nd4 Rfc8 19. Nb5 Bd7 20. Qd3 Bxb5 21. axb5 e6 22. e4 Bxc3 23. Rab1 d4 24. h4 Rxb5 25. h5 Rxh5 26. f4 Rb5 27. e5 Rxb3 28. Be4 a4 29. g4 a3 30. f5 a2 31. Rxb3 Qxb3 32. fxg6 hxg6 33. Bxg6 Qb2 34. Rf1 a1Q 35. Bxf7+ Kh8 36. Qh3+ Kg7 37. Bxe6 Qxf1+ 38. Qxf1 Rf8 39. Bf5 Qa1 40. Kg2 Qxf1+ 41. Kxf1 d3 0-1

[Event "Titled Tuesday intern op 16th Apr Late"]
[Site "Chess.com INT"]
[Date "2024.04.16"]
[Round "10"]
[White "Le, Quang Liem"]
[Black "Baskakov, Egor"]
[Result "1-0"]
[WhiteElo "2731"]
[BlackElo "2215"]
[PlyCount "35"]
[EventDate "2024.04.16"]
[EventType "swiss (blitz)"]
[EventRounds "11"]
[EventCountry "USA"]
[SourceTitle "CB17_2024"]
[SourceDate "2024.04.24"]
[SourceVersion "1"]
[SourceVersionDate "2024.04.24"]
[SourceQuality "1"]

1. Nf3 Nf6 2. c4 e6 3. Nc3 d5 4. e3 Be7 5. b3 0-0 6. Bb2 b6 7. cxd5 Nxd5 8. Nxd5 Qxd5 9. Bc4 Qd8 10. h4 h6 11. Ne5 Bb7 12. Ng4 Kh7 13. Qc2+ Kg8 14. Rh3 Bxh4 15. 0-0-0 Bxg2 16. Nxh6+ gxh6 17. Rg1 Qg5 18. Rxh4 1-0

[Event "Titled Tuesday intern op 02nd Apr Late"]
[Site "Chess.com INT"]
[Date "2024.04.02"]
[Round "8"]
[White "Kuzubov, Yuriy"]
[Black "Le, Quang Liem"]
[Result "0-1"]
[WhiteElo "2606"]
[BlackElo "2731"]
[PlyCount "116"]
[EventDate "2024.04.02"]
[EventType "swiss (blitz)"]
[EventRounds "11"]
[EventCountry "USA"]
[SourceTitle "CB15_2024"]
[SourceDate "2024.04.10"]
[SourceVersion "1"]
[SourceVersionDate "2024.04.10"]
[SourceQuality "1"]

1. Nf3 d5 2. d4 Nf6 3. c4 e6 4. Nc3 Nbd7 5. Qc2 c6 6. cxd5 exd5 7. Bf4 Nh5 8. e3 Nxf4 9. exf4 Bd6 10. g3 0-0 11. Bd3 Re8+ 12. Kf1 Nf8 13. Kg2 f6 14. h3 Be6 15. Rad1 Rc8 16. a3 Rc7 17. Rd2 Qc8 18. Qb1 a5 19. Nd1 c5 20. Bb5 Rd8 21. Ne3 c4 22. Re2 Re7 23. a4 Bb4 24. Qd1 Nd7 25. Nc2 Bf5 26. Nxb4 Rxe2 27. Qxe2 axb4 28. Re1 Nf8 29. Nh4 Bd7 30. Bxd7 Qxd7 31. a5 Rc8 32. Nf3 c3 33. bxc3 bxc3 34. Qd3 Qa4 35. Rc1 Qxa5 36. f5 b5 37. g4 b4 38. Qc2 Qa3 39. Rb1 b3 40. Rxb3 Qxb3 41. Qxb3 c2 42. Qxd5+ Kh8 43. g5 c1Q 44. gxf6 gxf6 45. Qf7 Qh6 46. Kh2 Qg7 47. Qd5 Qd7 48. Qe4 Qd6+ 49. Kg2 Nd7 50. Nh4 Rg8+ 51. Kf3 Qa3+ 52. Ke2 Qxh3 53. f3 Qh2+ 54. Kd3 Rb8 55. Qe7 Qxh4 56. Qxd7 Qf4 57. Qc6 Qxf5+ 58. Kc4 Rc8 0-1

[Event "Titled Tuesday intern op 02nd Apr Late"]
[Site "Chess.com INT"]
[Date "2024.04.02"]
[Round "2"]
[White "Le, Quang Liem"]
[Black "Garrido Diaz, Jose Antonio"]
[Result "1-0"]
[WhiteElo "2731"]
[BlackElo "2260"]
[PlyCount "141"]
[EventDate "2024.04.02"]
[EventType "swiss (blitz)"]
[EventRounds "11"]
[EventCountry "USA"]
[SourceTitle "CB15_2024"]
[SourceDate "2024.04.10"]
[SourceVersion "1"]
[SourceVersionDate "2024.04.10"]
[SourceQuality "1"]

1. Nf3 Nf6 2. c4 e6 3. b3 d5 4. Bb2 Be7 5. e3 0-0 6. Nc3 c5 7. cxd5 exd5 8. d4 Nc6 9. Be2 Ne4 10. dxc5 Qa5 11. Rc1 Bf6 12. Nd4 Nxc5 13. Nxc6 bxc6 14. Qd2 Rd8 15. 0-0 d4 16. exd4 Bxd4 17. Qc2 Be6 18. Rfd1 Rac8 19. Bf3 Na6 20. Na4 Nb4 21. Qe2 Bxb2 22. Qxb2 Nd3 23. Qc3 Qxc3 24. Rxc3 Ne5 25. Be2 Rxd1+ 26. Bxd1 Rd8 27. Bc2 Rd2 28. h3 Bd5 29. Kf1 g6 30. Ke1 Rd4 31. Rc5 Nd7 32. Ra5 Bxg2 33. Rxa7 Bxh3 34. Nc3 h5 35. Be4 Ne5 36. Ke2 Be6 37. f4 Ng4 38. Ra4 Rd6 39. Ra6 h4 40. Rxc6 Rxc6 41. Bxc6 h3 42. Kf3 Kf8 43. b4 Ke7 44. a4 Kd6 45. b5 Kc7 46. a5 Nf6 47. Ne4 Nd5 48. Ng5 Nb4 49. Be4 Bd5 50. Bxd5 Nxd5 51. Nxf7 Nc3 52. b6+ Kb7 53. Nd8+ Ka6 54. b7 Ka7 55. Kg3 Nd5 56. Ne6 Ne7 57. Kxh3 Kxb7 58. Kg4 Nd5 59. Nc5+ Kc6 60. Nb3 Kb5 61. Kg5 Ka6 62. Kg4 Kb5 63. Kf3 Ka6 64. Ke4 Ne7 65. Ke5 Nc6+ 66. Kf6 Nb4 67. Kxg6 Nd5 68. f5 Kb5 69. f6 Kb4 70. f7 Kxb3 71. f8Q 1-0

[Event "American Cup Blitz"]
[Site "Saint Louis"]
[Date "2024.03.21"]
[Round "5"]
[White "Le, Quang Liem"]
[Black "Gledura, Benjamin"]
[Result "1/2-1/2"]
[WhiteElo "2731"]
[BlackElo "2616"]
[PlyCount "136"]
[EventDate "2024.03.21"]
[EventType "swiss (blitz)"]
[EventRounds "7"]
[EventCountry "USA"]
[SourceTitle "CB13_2024"]
[SourceDate "2024.03.27"]
[SourceVersion "1"]
[SourceVersionDate "2024.03.27"]
[SourceQuality "1"]

1. Nf3 Nf6 2. c4 e6 3. Nc3 d5 4. e3 Bd6 5. b3 0-0 6. Bb2 Nc6 7. d4 dxc4 8. Bxc4 e5 9. h3 Qe7 10. d5 Nb8 11. e4 a6 12. 0-0 Nbd7 13. Re1 Nh5 14. Bf1 g6 15. g3 Ng7 16. Rc1 b5 17. a4 b4 18. Nb1 a5 19. Nbd2 Nb6 20. Nc4 Nxc4 21. Rxc4 Ba6 22. Rc2 Bxf1 23. Kxf1 Rae8 24. Kg2 Qd7 25. Qd3 Nh5 26. Bc1 f5 27. Ng5 Ng7 28. Rce2 fxe4 29. Rxe4 Qf5 30. R1e2 h6 31. Nf3 g5 32. Nd2 Nh5 33. Nc4 Nf6 34. R4e3 e4 35. Qd4 Qxd5 36. Qxd5+ Nxd5 37. Rxe4 Rxe4 38. Rxe4 Bc5 39. Ne3 Nxe3+ 40. Bxe3 Bxe3 41. Rxe3 Rf5 42. Kf1 Rc5 43. Ke2 Kf7 44. Kd3 Kf6 45. Kd4 Rc2 46. Rf3+ Ke6 47. Rf8 c5+ 48. Ke4 Rc3 49. Ra8 Rxb3 50. Rxa5 c4 51. Ra6+ Kd7 52. Rxh6 c3 53. Kd3 Rb2 54. Rb6 Rd2+ 55. Ke3 Rb2 56. Kd3 Kc7 57. a5 Rd2+ 58. Ke3 Rb2 59. Kd3 Rb1 60. h4 gxh4 61. gxh4 Rd1+ 62. Kc2 Rd2+ 63. Kc1 Rb2 64. h5 b3 65. h6 Rc2+ 66. Kb1 Rb2+ 67. Kc1 Rc2+ 68. Kb1 Rb2+ 1/2-1/2

[Event "Titled Tuesday intern op 27th Feb Late"]
[Site "Chess.com INT"]
[Date "2024.02.27"]
[Round "2"]
[White "Le, Quang Liem"]
[Black "Acosta, Pablo Ismael"]
[Result "1-0"]
[WhiteElo "2731"]
[BlackElo "2479"]
[PlyCount "65"]
[EventDate "2024.02.27"]
[EventType "swiss (blitz)"]
[EventRounds "11"]
[EventCountry "USA"]
[SourceTitle "CB10_2024"]
[SourceDate "2024.03.06"]
[SourceVersion "1"]
[SourceVersionDate "2024.03.06"]
[SourceQuality "1"]

1. d4 Nf6 2. c4 e6 3. Nc3 Bb4 4. Nf3 0-0 5. Bd2 d5 6. e3 Nbd7 7. Rc1 c6 8. Bd3 Re8 9. 0-0 Bxc3 10. Bxc3 Ne4 11. Bb4 f5 12. b3 Qf6 13. Ne1 a5 14. Ba3 a4 15. b4 dxc4 16. Rxc4 Nb6 17. Rc2 Nd5 18. Nf3 Ng5 19. Ne5 Nf7 20. Nf3 Bd7 21. b5 cxb5 22. Qb1 Rec8 23. Rfc1 Qd8 24. Bxb5 Rxc2 25. Rxc2 Qb6 26. Rb2 Bxb5 27. Rxb5 Qa6 28. Rxb7 h6 29. h3 Nc3 30. Qb2 Qd3 31. Rxf7 Ne2+ 32. Kh2 Re8 33. Qb7 1-0

[Event "Titled Tuesday intern op 13th Feb Late"]
[Site "Chess.com INT"]
[Date "2024.02.13"]
[Round "4"]
[White "Le, Quang Liem"]
[Black "Lobanov, Sergei"]
[Result "1-0"]
[WhiteElo "2731"]
[BlackElo "2502"]
[PlyCount "75"]
[EventDate "2024.02.13"]
[EventType "swiss (blitz)"]
[EventRounds "11"]
[EventCountry "USA"]
[SourceTitle "CB08_2024"]
[SourceDate "2024.02.21"]
[SourceVersion "1"]
[SourceVersionDate "2024.02.21"]
[SourceQuality "1"]

1. Nf3 d5 2. e3 Nf6 3. c4 e6 4. Nc3 Bd6 5. b3 b6 6. Bb2 Nbd7 7. cxd5 exd5 8. Rc1 a6 9. g3 Bb7 10. Bg2 0-0 11. 0-0 c5 12. d4 c4 13. Nd2 cxb3 14. Qxb3 Qe7 15. Nxd5 Nxd5 16. Bxd5 Bxd5 17. Qxd5 Nf6 18. Qc6 h6 19. Nc4 Bb4 20. Nxb6 Rab8 21. Nd5 Nxd5 22. Qxd5 Rfd8 23. Qc4 Qe4 24. Rfd1 Qf3 25. d5 Be1 26. Rxe1 Rxb2 27. Rc2 Rxc2 28. Qxc2 Qxd5 29. Rb1 h5 30. h4 g6 31. a4 Qe5 32. Qc4 Rd2 33. Qc8+ Kh7 34. Rb8 Rd1+ 35. Kh2 Rd3 36. Qg8+ Kh6 37. Rf8 Rd2 38. Rxf7 1-0

[Event "Titled Tuesday intern op 13th Feb Late"]
[Site "Chess.com INT"]
[Date "2024.02.13"]
[Round "2"]
[White "Le, Quang Liem"]
[Black "Vlassov, Nikolai"]
[Result "1-0"]
[WhiteElo "2731"]
[BlackElo "2299"]
[PlyCount "83"]
[EventDate "2024.02.13"]
[EventType "swiss (blitz)"]
[EventRounds "11"]
[EventCountry "USA"]
[SourceTitle "CB08_2024"]
[SourceDate "2024.02.21"]
[SourceVersion "1"]
[SourceVersionDate "2024.02.21"]
[SourceQuality "1"]

1. Nf3 c5 2. c4 g6 3. d4 Bg7 4. d5 f5 5. Nc3 e5 6. e4 d6 7. exf5 gxf5 8. Ng5 Nf6 9. f4 0-0 10. Be2 h6 11. Nf3 exf4 12. Bxf4 Nh5 13. Bd2 f4 14. 0-0 Bg4 15. Kh1 Nd7 16. Ng1 Qh4 17. Nh3 f3 18. Bxf3 Bxh3 19. Bxh5 Rxf1+ 20. Qxf1 Qxh5 21. gxh3 Ne5 22. Ne4 Rf8 23. Qg2 Kh8 24. Rg1 Qf3 25. Nxd6 Nd3 26. Qxf3 Rxf3 27. Bc3 Bxc3 28. bxc3 Rf2 29. Rg3 Nf4 30. Kg1 Rxa2 31. Rf3 Ne2+ 32. Kf1 Nc1 33. Nxb7 a5 34. Nxc5 a4 35. d6 a3 36. d7 Rd2 37. Rf8+ Kg7 38. d8Q Rxd8 39. Rxd8 a2 40. Ra8 Kf6 41. Ke1 Ke5 42. Kd2 1-0

[Event "Titled Tuesday intern op 13th Feb Late"]
[Site "Chess.com INT"]
[Date "2024.02.13"]
[Round "7"]
[White "Le, Quang Liem"]
[Black "Zwirs, Nico"]
[Result "1/2-1/2"]
[WhiteElo "2731"]
[BlackElo "2474"]
[PlyCount "170"]
[EventDate "2024.02.13"]
[EventType "swiss (blitz)"]
[EventRounds "11"]
[EventCountry "USA"]
[SourceTitle "CB08_2024"]
[SourceDate "2024.02.21"]
[SourceVersion "1"]
[SourceVersionDate "2024.02.21"]
[SourceQuality "1"]

1. Nf3 d5 2. e3 Nf6 3. c4 e6 4. Nc3 c5 5. d4 a6 6. a3 dxc4 7. Bxc4 b5 8. Ba2 Bb7 9. 0-0 Nbd7 10. Qe2 Bd6 11. Rd1 cxd4 12. exd4 0-0 13. Bg5 Rc8 14. Rd3 h6 15. Bh4 Qc7 16. Re1 Nh5 17. Bg3 Nxg3 18. hxg3 b4 19. axb4 Bxb4 20. g4 Qa5 21. Rc1 Nf6 22. Ne5 Nd5 23. Bxd5 Bxd5 24. g5 hxg5 25. Qh5 f6 26. Ng6 Be4 27. Rh3 Rfe8 28. Re1 Bxg6 29. Qxg6 Qf5 30. Qh5 Bxc3 31. bxc3 g4 32. Qxf5 exf5 33. Rxe8+ Rxe8 34. Rd3 Rc8 35. Kf1 Kf7 36. Ke2 Ke6 37. Re3+ Kd5 38. Kd3 a5 39. Re7 Ra8 40. c4+ Kd6 41. Re2 a4 42. Ra2 f4 43. Ke4 g5 44. Kf5 Ke7 45. Kxg4 Ke6 46. Kf3 f5 47. Ke2 a3 48. Kd3 Kd6 49. Kc3 g4 50. Kb4 Rb8+ 51. Kxa3 Rb1 52. Rb2 Rg1 53. f3 g3 54. Kb4 Rd1 55. Kc3 Rf1 56. Rb6+ Kc7 57. Rf6 Rf2 58. Rxf5 Rxg2 59. Rxf4 Rf2 60. Kb4 Kd6 61. d5 Rb2+ 62. Kc3 Rf2 63. Kd4 Rd2+ 64. Ke3 Rc2 65. Rg4 g2 66. Kd3 Rf2 67. Kd4 Rd2+ 68. Ke3 Rc2 69. Kd3 Rf2 70. Rg6+ Kc5 71. Ke3 Rc2 72. Kf4 Rxc4+ 73. Ke5 Rc2 74. d6 Re2+ 75. Kf5 Kc6 76. f4 Kd7 77. Kf6 Kxd6 78. f5 Kd5 79. Kf7 Ke4 80. f6 Kf3 81. Kg8 Ra2 82. f7 Ra8+ 83. f8Q+ Rxf8+ 84. Kxf8 Kf2 85. Rxg2+ Kxg2 1/2-1/2

[Event "Titled Tuesday intern op 06th Feb Late"]
[Site "Chess.com INT"]
[Date "2024.02.06"]
[Round "4"]
[White "Le, Quang Liem"]
[Black "Demidov, Mikhail"]
[Result "1-0"]
[WhiteElo "2731"]
[BlackElo "2546"]
[PlyCount "63"]
[EventDate "2024.02.06"]
[EventType "swiss (blitz)"]
[EventRounds "11"]
[EventCountry "USA"]
[SourceTitle "CB07_2024"]
[SourceDate "2024.02.14"]
[SourceVersion "1"]
[SourceVersionDate "2024.02.14"]
[SourceQuality "1"]

1. Nf3 g6 2. d4 Bg7 3. e4 d6 4. Nc3 a6 5. a4 Nf6 6. h3 0-0 7. Be3 Nc6 8. d5 Nb4 9. a5 e6 10. Bc4 exd5 11. exd5 Re8 12. 0-0 c6 13. dxc6 bxc6 14. Na4 Rxe3 15. fxe3 d5 16. Nb6 Rb8 17. c3 Qe7 18. cxb4 dxc4 19. Ra3 Nd5 20. Nd4 Nxb4 21. Nxc4 c5 22. Nf3 Be6 23. Qe2 h6 24. Nb6 Rd8 25. e4 c4 26. Nxc4 Qc5+ 27. Ne3 Nc6 28. Kh1 Nxa5 29. Nd5 Kh7 30. Qxa6 Bxd5 31. Rxa5 Qc4 32. exd5 1-0

[Event "Titled Tuesday intern op 06th Feb Late"]
[Site "Chess.com INT"]
[Date "2024.02.06"]
[Round "6"]
[White "Nakamura, Hikaru"]
[Black "Le, Quang Liem"]
[Result "1-0"]
[WhiteElo "2788"]
[BlackElo "2731"]
[PlyCount "55"]
[EventDate "2024.02.06"]
[EventType "swiss (blitz)"]
[EventRounds "11"]
[EventCountry "USA"]
[SourceTitle "CB07_2024"]
[SourceDate "2024.02.14"]
[SourceVersion "1"]
[SourceVersionDate "2024.02.14"]
[SourceQuality "1"]

1. e4 e5 2. Bc4 Nf6 3. d3 c6 4. Nf3 d5 5. Bb3 a5 6. a3 a4 7. Ba2 Bd6 8. Nc3 dxe4 9. Ng5 0-0 10. Ngxe4 Nxe4 11. Nxe4 Bc7 12. Qh5 Qe8 13. Bg5 Nd7 14. Qh4 Ra6 15. 0-0 c5 16. f4 exf4 17. Rae1 Ne5 18. Bxf4 Ng6 19. Nf6+ gxf6 20. Rxe8 Rxe8 21. Qg3 Bxf4 22. Rxf4 Be6 23. Re4 f5 24. Re1 f4 25. Qf3 b5 26. Qb7 Rd6 27. Qxb5 Kf8 28. Qxc5 1-0

[Event "Chessable Masters Play In"]
[Site "Chess.com INT"]
[Date "2024.01.31"]
[Round "2"]
[White "Mekhitarian, Krikor Sevag"]
[Black "Le, Quang Liem"]
[Result "1/2-1/2"]
[WhiteElo "2554"]
[BlackElo "2731"]
[PlyCount "131"]
[EventDate "2024.01.31"]
[EventType "swiss (rapid)"]
[EventRounds "9"]
[EventCountry "USA"]
[SourceTitle "CB06_2024"]
[SourceDate "2024.02.07"]
[SourceVersion "1"]
[SourceVersionDate "2024.02.07"]
[SourceQuality "1"]

1. Nf3 d5 2. c4 d4 3. b4 c5 4. Bb2 Nf6 5. g3 Qc7 6. Bg2 e5 7. 0-0 Nc6 8. b5 Nd8 9. e3 Bd6 10. exd4 exd4 11. d3 0-0 12. Re1 Bg4 13. Nbd2 Ne6 14. Qc2 Rae8 15. Re2 Qd8 16. Rae1 Bc7 17. Nb3 h6 18. a4 Nd7 19. h3 Bh5 20. Ba3 b6 21. Nbd2 Qb8 22. Bc1 Nf6 23. Ne4 Nxe4 24. Rxe4 Qc8 25. Nh4 Ng5 26. Bxg5 hxg5 27. Nf5 Rxe4 28. Bxe4 Re8 29. Qd2 Bg6 30. g4 Bf4 31. Qd1 Qd8 32. Bc6 Rxe1+ 33. Qxe1 Kf8 34. Qe2 f6 35. Qe4 Bf7 36. Bd5 Qe8 37. Qxe8+ Bxe8 38. Ng3 g6 39. Ne2 Be5 40. Be4 Kg7 41. Kg2 Bd7 42. Bd5 f5 43. f3 Kf6 44. Bb7 Bd6 45. Bd5 Bc8 46. Bc6 a5 47. Bd5 Bd7 48. Bb7 Bf4 49. Bd5 Ke5 50. Bb7 Be6 51. Kf2 Bd2 52. Kf1 Bb4 53. Bc6 Bf7 54. Kf2 Bc3 55. Kf1 Bd2 56. Bd7 Bb4 57. Kf2 Bd2 58. Kf1 Be3 59. Ke1 Bf4 60. Kf1 Bd2 61. Kf2 Bf4 62. Ke1 Be3 63. Kf1 Bf4 64. Ke1 Be3 65. Kf1 Bf4 66. Ke1 1/2-1/2

[Event "Titled Tuesday intern op 23rd Jan Late"]
[Site "Chess.com INT"]
[Date "2024.01.23"]
[Round "3"]
[White "Le, Quang Liem"]
[Black "Zou, Chen"]
[Result "1-0"]
[WhiteElo "2731"]
[BlackElo "2449"]
[PlyCount "93"]
[EventDate "2024.01.23"]
[EventType "swiss (blitz)"]
[EventRounds "11"]
[EventCountry "USA"]
[SourceTitle "CB05_2024"]
[SourceDate "2024.01.31"]
[SourceVersion "1"]
[SourceVersionDate "2024.01.31"]
[SourceQuality "1"]

1. Nf3 Nf6 2. c4 e6 3. Nc3 d5 4. e3 dxc4 5. Bxc4 c5 6. 0-0 Be7 7. d4 0-0 8. e4 cxd4 9. Nxd4 Qc7 10. Qe2 Ng4 11. Qxg4 Qxc4 12. Be3 Nc6 13. Nxc6 bxc6 14. Qg3 e5 15. Qxe5 Bf6 16. Qc5 Qxc5 17. Bxc5 Re8 18. Rfd1 Rb8 19. Bxa7 Rxb2 20. Bd4 Bxd4 21. Rxd4 Ba6 22. Rc1 h6 23. h4 c5 24. Ra4 Bd3 25. f3 c4 26. Nd5 Reb8 27. Kh2 Rd2 28. h5 Rbb2 29. Ne3 Re2 30. Nxc4 Rxg2+ 31. Kh3 Bxc4 32. Rcxc4 Rxa2 33. Rc8+ Kh7 34. Rxa2 Rxa2 35. Rc7 f6 36. Kg3 Kg8 37. Rc8+ Kf7 38. Rc7+ Kf8 39. f4 Ra3+ 40. Kg4 Ra4 41. Kf5 Ra5+ 42. Kg6 Ra4 43. Rf7+ Ke8 44. Kxg7 Rxe4 45. Rxf6 Ke7 46. f5 Rh4 47. Rxh6 1-0

[Event "Saint Louis Blitz"]
[Site "Saint Louis"]
[Date "2023.11.18"]
[Round "17"]
[White "Giri, Anish"]
[Black "Le, Quang Liem"]
[Result "1/2-1/2"]
[WhiteElo "2752"]
[BlackElo "2731"]
[PlyCount "104"]
[EventDate "2023.11.17"]
[EventType "tourn (blitz)"]
[EventRounds "18"]
[EventCountry "USA"]
[EventCategory "20"]
[SourceTitle "CB47_2023"]
[SourceDate "2023.11.22"]
[SourceVersion "1"]
[SourceVersionDate "2023.11.22"]
[SourceQuality "1"]

1. d4 Nf6 2. c4 e6 3. Nf3 d5 4. Nc3 Nbd7 5. Bg5 Be7 6. e3 0-0 7. Qc2 h6 8. Bh4 c5 9. cxd5 Nxd5 10. Bxe7 Nxe7 11. dxc5 Nxc5 12. Be2 Qb6 13. 0-0 Bd7 14. Ne5 Rfd8 15. Nxd7 Rxd7 16. Rfd1 Rc8 17. Rac1 Rdc7 18. Bf3 Nd7 19. Qd2 Qa5 20. Rb1 Nb6 21. Be2 Ned5 22. Nxd5 Qxd5 23. Qxd5 Nxd5 24. a3 Kf8 25. Kf1 Ke7 26. h4 g5 27. hxg5 hxg5 28. Bd3 Nb6 29. Ke2 Nd7 30. Rd2 Ne5 31. Rbd1 g4 32. Bb1 Rh8 33. Rc2 Rxc2+ 34. Bxc2 f5 35. Bb3 Rh2 36. Rg1 b6 37. Ba2 a5 38. Bb3 Nd7 39. Ba4 Nc5 40. Bb5 Kf6 41. Bc6 Ke5 42. g3 Rh7 43. Rc1 Rc7 44. Bb5 Kd6 45. Rd1+ Ke7 46. Rc1 Ra7 47. Rh1 Kd6 48. Rh8 Rc7 49. Rb8 Rb7 50. Rc8 Rc7 51. Rb8 Rb7 52. Rc8 Rc7 1/2-1/2

[Event "Saint Louis Blitz"]
[Site "Saint Louis"]
[Date "2023.11.18"]
[Round "13"]
[White "Le, Quang Liem"]
[Black "Caruana, Fabiano"]
[Result "1-0"]
[WhiteElo "2731"]
[BlackElo "2795"]
[PlyCount "83"]
[EventDate "2023.11.17"]
[EventType "tourn (blitz)"]
[EventRounds "18"]
[EventCountry "USA"]
[EventCategory "20"]
[SourceTitle "CB47_2023"]
[SourceDate "2023.11.22"]
[SourceVersion "1"]
[SourceVersionDate "2023.11.22"]
[SourceQuality "1"]

1. d4 d5 2. c4 e6 3. Nc3 c6 4. e3 Nf6 5. Nf3 Nbd7 6. Be2 Bd6 7. 0-0 0-0 8. b3 b6 9. Bb2 Bb7 10. Bd3 Re8 11. Qc2 h6 12. Rfd1 Qe7 13. Rac1 Rad8 14. g3 dxc4 15. bxc4 e5 16. Nh4 Qf8 17. Qa4 a6 18. Nf5 Bb8 19. Ne4 g6 20. Nxf6+ Nxf6 21. Nh4 b5 22. Qb3 Kh7 23. dxe5 Bxe5 24. Bxe5 Rxe5 25. cxb5 Rxd3 26. Qxd3 cxb5 27. Rc7 Be4 28. Qd6 Qxd6 29. Rxd6 Kg7 30. Rxa6 g5 31. Ng2 Rd5 32. Rc1 Ng4 33. Ne1 Ne5 34. h3 Rd2 35. Ra5 Bc6 36. a4 Nc4 37. axb5 Bd5 38. Ra4 Nd6 39. Rd4 Rxd4 40. exd4 Kf6 41. b6 Ke6 42. Nd3 1-0

[Event "Saint Louis Blitz"]
[Site "Saint Louis"]
[Date "2023.11.17"]
[Round "8"]
[White "Le, Quang Liem"]
[Black "Giri, Anish"]
[Result "1-0"]
[WhiteElo "2731"]
[BlackElo "2752"]
[PlyCount "49"]
[EventDate "2023.11.17"]
[EventType "tourn (blitz)"]
[EventRounds "18"]
[EventCountry "USA"]
[EventCategory "20"]
[SourceTitle "CB47_2023"]
[SourceDate "2023.11.22"]
[SourceVersion "1"]
[SourceVersionDate "2023.11.22"]
[SourceQuality "1"]

1. d4 d5 2. c4 c6 3. Nf3 Nf6 4. e3 Bf5 5. Nc3 e6 6. Nh4 Be4 7. f3 Bg6 8. Bd2 Be7 9. Nxg6 hxg6 10. Qc2 dxc4 11. Bxc4 Nd5 12. Ne2 Nd7 13. e4 Rc8 14. a3 N5b6 15. Ba2 c5 16. Bc3 Bh4+ 17. Kf1 0-0 18. Rd1 cxd4 19. Nxd4 Qe7 20. g3 Bf6 21. Kg2 Nc4 22. Bxc4 Rxc4 23. Qb3 Rfc8 24. Qxb7 Nc5 25. Qxc8+ 1-0